| 000 | 00412nam a2200157 a 4500 | ||
|---|---|---|---|
| 005 | 20140414093846.0 | ||
| 008 | 091126s19uu xx 00 eng d | ||
| 050 |
_aCDB 800 _bPET 2008 |
||
| 100 | _aPeters, Karen | ||
| 245 |
_aAmerican Literature / _cKaren Peters. |
||
| 260 |
_aUSA : _bTeaching Point, _cc2008. |
||
| 650 |
_aLiterature _xAmerican. |
||
| 650 | _aLiterature. | ||
| 942 | _cAVM | ||
| 999 |
_c109584 _d109584 |
||